000 01194cam a2200349 4500
001 J87574
008 090401t1995 xxu||||| |||| 00| 0 eng d
020 _a0931566525
035 _a(Sirsi) u81963
041 _aeng
050 _a333.330973
100 _aLambert, Sandra
245 _aGenerating high-performance corporate real estate service.
260 _aNorcross, GA
_bIDRC
_c1995
300 _axi,163p. ; 28cm.
350 _a55
500 _aAvailable from IDRC, 35 Technology Parkway, Suite 150, Norcross GA, 30092-2901, USA.
520 _aThe second phase of the project Corporate Real Estate 2000, which focuses on how corporate real estate professionals could reposition their units to perform more strategic roles. Includes case studies.
650 _aASSETS
650 _aCOMPANIES
650 _aCORPORATE REAL ESTATE 2000
650 _aCORPORATE REAL ESTATE
650 _aCRE 2000
650 _aProperty management
_96262
650 _aUNITED STATES
690 _aPROPERTY-COMMERCIAL PROPERTY
700 _aPoteete, Jean
700 _aWaltch, Alison
710 _aInternational Development Research Council
_93549
942 _n0
948 _c10/11/1997
999 _c96759
_d96759